[Event "EU-ch U14 31st"]
[Site "Mamaia"]
[Date "2023.09.14"]
[Round "9"]
[White "Gkavardinas, Antonios"]
[Black "Van Batenburg, Mees"]
[Result "1/2-1/2"]
[WhiteElo "2280"]
[BlackElo "2120"]
[PlyCount "92"]
[EventDate "2023.09.05"]
[EventType "swiss"]
[EventRounds "9"]
[EventCountry "ROU"]
[SourceTitle "EXT 2024"]
[Source "ChessBase"]
[SourceDate "2023.10.10"]
[SourceVersion "1"]
[SourceVersionDate "2023.10.10"]
[SourceQuality "1"]

1. e4 c5 2. Nf3 Nc6 3. Bb5 Nf6 4. Nc3 g6 5. Bxc6 dxc6 6. h3 Bg7 7. d3 0-0 8. 0-0 b6 9. Be3 e5 10. Qd2 Ne8 11. Bh6 f6 12. Nh2 g5 13. Bxg7 Nxg7 14. Ne2 Be6 15. a3 a5 16. Rfd1 a4 17. Qe3 Qc7 18. Rd2 Rfd8 19. Rad1 Rd6 20. Qf3 Qe7 21. c3 Rad8 22. Nc1 Bf7 23. Ne2 Be6 24. Ng4 Bxg4 25. Qxg4 Qe6 26. Qf3 Qb3 27. Kh2 Kf7 28. Qe3 Ne6 29. c4 Qa2 30. Nc1 Qa1 31. Qe1 Nd4 32. Ne2 Qa2 33. Ra1 Qxa1 34. Qxa1 Nb3 35. Qd1 Nxd2 36. Qxd2 Rxd3 37. Qc1 Rd1 38. Qc3 R1d3 39. Qc1 Rd1 40. Qc2 R1d2 41. Qxa4 Rxe2 42. Kg3 Rd3+ 43. Kh2 Rxf2 44. Qa7+ Kg6 45. Qb8 Rdd2 46. Qg8+ Kh6 1/2-1/2

[Event "NED-ch U14"]
[Site "Almelo"]
[Date "2023.05.02"]
[Round "3"]
[White "Vijver, Jonathan"]
[Black "Van Batenburg, Mees"]
[Result "1/2-1/2"]
[WhiteElo "1781"]
[BlackElo "2054"]
[PlyCount "36"]
[EventDate "2023.04.30"]
[EventType "swiss"]
[EventRounds "9"]
[EventCountry "NED"]
[SourceTitle "CBM 214 Extra"]
[Source "ChessBase"]
[SourceDate "2023.07.31"]
[SourceVersion "1"]
[SourceVersionDate "2023.07.31"]
[SourceQuality "1"]

1. e4 e6 2. Nf3 d5 3. Nc3 Nf6 4. e5 Nfd7 5. d4 c5 6. Bg5 Qa5 7. a3 c4 8. Be2 Nc6 9. 0-0 h6 10. Be3 Be7 11. Qd2 Nf8 12. h4 Bd7 13. Rfb1 Nh7 14. b3 b5 15. bxc4 bxc4 16. g3 0-0 17. Kg2 Rab8 18. Rh1 f5 1/2-1/2

[Event "EU-ch U14 30th"]
[Site "Antalya"]
[Date "2022.11.12"]
[Round "7"]
[White "Poupalos, Nikolaos"]
[Black "Van Batenburg, Mees"]
[Result "1-0"]
[WhiteElo "2147"]
[BlackElo "2002"]
[PlyCount "58"]
[EventDate "2022.11.06"]
[EventType "swiss"]
[EventRounds "9"]
[EventCountry "TUR"]
[SourceTitle "EXT 2024"]
[Source "ChessBase"]
[SourceDate "2023.10.10"]
[SourceVersion "1"]
[SourceVersionDate "2023.10.10"]
[SourceQuality "1"]

1. e4 c5 2. Nf3 Nc6 3. d4 cxd4 4. Nxd4 e5 5. Nb5 d6 6. c4 g6 7. Be3 a6 8. N5c3 Be6 9. Nd5 Bxd5 10. exd5 Nce7 11. Be2 Nf6 12. 0-0 Bg7 13. Nc3 0-0 14. Qb3 Qc7 15. Rfd1 Nd7 16. Ne4 b6 17. Rac1 Nc5 18. Qc2 Nxe4 19. Qxe4 f5 20. Qc2 f4 21. Bd2 Nf5 22. Qe4 Nd4 23. Bf1 Qd7 24. b4 Rac8 25. Bd3 f3 26. g3 Rf4 27. Qe1 Ne2+ 28. Bxe2 fxe2 29. Qxe2 Rfxc4 1-0

[Event "NED-ch U14 playoff"]
[Site "Almelo"]
[Date "2022.05.07"]
[Round "10"]
[White "Kumar, Prajit Sai"]
[Black "Van Batenburg, Mees"]
[Result "1/2-1/2"]
[WhiteElo "2042"]
[BlackElo "1713"]
[PlyCount "60"]
[EventDate "2022.05.07"]
[EventType "match"]
[EventRounds "2"]
[EventCountry "NED"]
[SourceTitle "EXT 2023"]
[Source "ChessBase"]
[SourceDate "2022.10.05"]
[SourceVersion "1"]
[SourceVersionDate "2022.10.05"]
[SourceQuality "1"]

1. d4 f5 2. Bf4 e6 3. e3 Nf6 4. Be2 Bd6 5. Bxd6 cxd6 6. c4 b6 7. Bf3 d5 8. Nc3 Bb7 9. cxd5 Nxd5 10. Nxd5 Bxd5 11. Bxd5 exd5 12. Qf3 Nc6 13. Qxd5 Qe7 14. a3 Qe6 15. Qxe6+ dxe6 16. Nf3 0-0 17. Rc1 Rac8 18. b4 Nxd4 19. Rxc8 Nxf3+ 20. gxf3 Rxc8 21. Kd2 Kf7 22. Rg1 g6 23. h4 Rc4 24. Rh1 h5 25. Kd3 Rc7 26. f4 Kf6 27. Rg1 Rd7+ 28. Kc3 Rc7+ 29. Kb3 Rd7 30. Kc3 Rc7+ 1/2-1/2

[Event "NED-ch U14 playoff"]
[Site "Almelo"]
[Date "2022.05.07"]
[Round "11"]
[White "Van Batenburg, Mees"]
[Black "Kumar, Prajit Sai"]
[Result "1-0"]
[WhiteElo "1713"]
[BlackElo "2042"]
[PlyCount "37"]
[EventDate "2022.05.07"]
[EventType "match"]
[EventRounds "2"]
[EventCountry "NED"]
[SourceTitle "EXT 2023"]
[Source "ChessBase"]
[SourceDate "2022.10.05"]
[SourceVersion "1"]
[SourceVersionDate "2022.10.05"]
[SourceQuality "1"]

1. d4 d5 2. Nc3 Nf6 3. Bf4 a6 4. e3 Bf5 5. f3 e6 6. g4 Bg6 7. h4 h5 8. g5 Nfd7 9. Bd3 Bxd3 10. Qxd3 c5 11. g6 f6 12. 0-0-0 Nc6 13. Nge2 Nb6 14. e4 dxe4 15. Qxe4 cxd4 16. Nxd4 Nxd4 17. Rxd4 Qc8 18. Re1 e5 19. Bxe5 1-0

[Event "NED-ch U14"]
[Site "Almelo"]
[Date "2022.05.06"]
[Round "8"]
[White "Ponomarev, Ivan2222"]
[Black "Van Batenburg, Mees"]
[Result "0-1"]
[WhiteElo "1744"]
[BlackElo "1713"]
[PlyCount "46"]
[EventDate "2022.05.01"]
[EventType "swiss"]
[EventRounds "9"]
[EventCountry "NED"]
[SourceTitle "EXT 2023"]
[Source "ChessBase"]
[SourceDate "2022.10.05"]
[SourceVersion "1"]
[SourceVersionDate "2022.10.05"]
[SourceQuality "1"]

1. e4 c5 2. Nf3 Nc6 3. Bb5 g6 4. 0-0 Bg7 5. c3 e5 6. d4 cxd4 7. cxd4 exd4 8. Bf4 a6 9. Ba4 Nge7 10. Bd6 b5 11. Bb3 Bb7 12. Ng5 0-0 13. f4 h6 14. Nxf7 Rxf7 15. f5 gxf5 16. exf5 Bf6 17. Qg4+ Kf8 18. Bxf7 Kxf7 19. Qh5+ Kg7 20. Rf3 Qe8 21. Rg3+ Kh7 22. Qh3 Nc8 23. Bf4 Qe1# 0-1

[Event "NED-ch U14"]
[Site "Almelo"]
[Date "2022.05.05"]
[Round "7"]
[White "Van Batenburg, Mees"]
[Black "Zhu, Chenwu"]
[Result "1-0"]
[WhiteElo "1713"]
[BlackElo "1968"]
[PlyCount "135"]
[EventDate "2022.05.01"]
[EventType "swiss"]
[EventRounds "9"]
[EventCountry "NED"]
[SourceTitle "EXT 2023"]
[Source "ChessBase"]
[SourceDate "2022.10.05"]
[SourceVersion "1"]
[SourceVersionDate "2022.10.05"]
[SourceQuality "1"]

1. d4 d5 2. Nc3 Nf6 3. Bf4 e6 4. e3 Bd6 5. Nf3 c5 6. dxc5 Bxf4 7. exf4 Qc7 8. Qd4 Nc6 9. Bb5 Bd7 10. Bxc6 Bxc6 11. 0-0 0-0 12. Ne5 Nd7 13. b4 f6 14. Nxd7 Qxd7 15. a4 a6 16. Rfe1 Rae8 17. Qd3 d4 18. Rad1 Bxa4 19. Qxd4 Qxd4 20. Rxd4 Bxc2 21. Rd6 Kf7 22. Rc1 Bf5 23. b5 axb5 24. Nxb5 Ke7 25. Nd4 Rc8 26. Rb6 Rb8 27. c6 Rfc8 28. f3 Rc7 29. Nb5 Rxc6 30. Rcxc6 bxc6 31. Rxb8 cxb5 32. Rxb5 Kf7 33. Kf2 Bd3 34. Rb7+ Kg6 35. Ke3 Bc4 36. g4 h5 37. h3 h4 38. Kf2 Bd5 39. Rb8 Kh7 40. Rf8 Bc4 41. Rd8 Bb3 42. Ke3 Ba4 43. g5 fxg5 44. fxg5 Bc2 45. f4 Bf5 46. Rd2 Bxh3 47. Rh2 Bf5 48. Rxh4+ Kg6 49. Kd4 Kf7 50. Ke5 Ke7 51. Rh1 Ke8 52. Ra1 Bg4 53. Ra7 Kf8 54. g6 Bf5 55. Kd6 Bxg6 56. Kxe6 Kg8 57. f5 Bh5 58. Ra8+ Kh7 59. Ra1 Bg4 60. Rg1 Be2 61. Kf7 Bc4+ 62. Kf8 Kh6 63. Rxg7 Bd3 64. f6 Bg6 65. Rxg6+ Kxg6 66. f7 Kf6 67. Ke8 Kg6 68. f8Q 1-0